| 000 | 00000nam 2200000zi 4500 |
| 001 | 9.924553 |
| 003 | CaOODSP |
| 005 | 20240212084626 |
| 006 | m o d f |
| 007 | cr bn||||||||| |
| 008 | 230626e199004##quc o f100 0 fre d |
| 040 | |aCaOODSP|bfre|erda|cCaOODSP |
| 043 | |an-cn-qu |
| 086 | 1 |aCW66-1180/1990F-PDF |
| 111 | 2 |aAteliers sur la protection des habitats|d(1989 : |cQuébec, Qué.) |
| 245 | 10|aAteliers sur la protection des habitats tenus à Québec les 25 et 26 novembre 1989 : |bcompte rendu / |cSOM. |
| 264 | 1|aSainte-Foy, Québec ; |aMontréal, Québec : |bSOM ; |bService canadien de la faune, Environnement Canada, |cavril 1990. |
| 300 | |a1 ressource en ligne (43 pages, 4 pages non numérotées, 11 pages) |
| 336 | |atexte|btxt|2rdacontent/fre |
| 337 | |ainformatique|bc|2rdamedia/fre |
| 338 | |aressource en ligne|bcr|2rdacarrier/fre |
| 500 | |aTitre de la couverture. |
| 500 | |aÉdition numérisée de l’imprimé [par Environnement et changement climatique Canada]. |
| 520 | |a« SOM présente ici le compte rendu des ateliers sur la protection des habitats tenus à Ste-Foy, les 25 et 26 novembre 1989 » -- Introduction, page 3. |
| 650 | 6|aHabitat (Écologie)|xConservation|zQuébec (Province)|vCongrès. |
| 650 | 0|aHabitat conservation|zQuébec (Province)|vCongresses. |
| 655 | 7|aActes de congrès|2rvmgf |
| 655 | 7|aConference papers and proceedings|2lcgft |
| 710 | 2 |aService canadien de la faune, |eorganisme de publication. |
| 710 | 2 |aSOM inc., |econsultant. |
| 856 | 40|qPDF|s1.83 Mo|uhttps://publications.gc.ca/collections/collection_2024/eccc/cw66/CW66-1180-1990-fra.pdf |